[Event "4th GRENKE Open 2019"]
[Site "Karlsruhe"]
[Date "2019.04.20"]
[Round "5.40"]
[White "Lopez Martinez, Josep Manuel"]
[Black "Vasli, Aref"]
[Result "1-0"]
[WhiteElo "2578"]
[BlackElo "2345"]
[Annotator "ChessBase"]
[PlyCount "75"]
[EventDate "2019.04.18"]
[EventType "swiss"]
[EventCountry "GER"]
[SourceTitle "playchess.com"]
[Source "ChessBase"]
[SourceQuality "1"]

1. d4 Nf6 2. c4 e6 3. Nf3 c5 4. d5 exd5 5. cxd5 d6 6. e4 g6 7. Bd3 Bg7 8. O-O O-O 9. h3 Re8 10. Nc3 c4 11. Bc2 b5 12. a3 Nbd7 13. Be3 a6 14. Qd2 Qc7 15. Rfe1 Bb7 16. Bd4 Nc5 17. Rad1 Rac8 18. Nh2 Qd8 19. f3 Nb3 20. Bxb3 cxb3 21. Nf1 Rc4 22. Ne2 Nd7 23. Bxg7 Kxg7 24. Ne3 Qb6 25. Kh1 Rcc8 26. Nd4 Kg8 27. Nxb3 h5 28. Nd4 Ne5 29. b3 Rc7 30. Nf1 a5 31. Qh6 Rc3 32. Nf5 gxf5 33. Ng3 f6 34. Nxh5 Qc7 35. Nxf6+ Kf7 36. Nxe8 Kxe8 37. f4 fxe4 38. fxe5 1-0

[Event "4th GRENKE Open 2019"]
[Site "Karlsruhe"]
[Date "2019.04.20"]
[Round "5.41"]
[White "Wagner, Dennis"]
[Black "Krause, Jonah"]
[Result "1/2-1/2"]
[WhiteElo "2577"]
[BlackElo "2343"]
[Annotator "ChessBase"]
[PlyCount "92"]
[EventDate "2019.04.18"]
[EventType "swiss"]
[EventCountry "GER"]
[SourceTitle "playchess.com"]
[Source "ChessBase"]
[SourceQuality "1"]

1. d4 Nf6 2. Nf3 g6 3. g3 Bg7 4. Bg2 O-O 5. O-O d6 6. b3 e5 7. dxe5 Ng4 8. Bg5 Qe8 9. Nc3 h6 10. Bd2 dxe5 11. e4 Na6 12. a4 b6 13. h3 Nf6 14. Be3 Bb7 15. Nd2 Qe7 16. Qc1 Kh7 17. a5 Rfd8 18. Re1 Nb4 19. Qb2 Rab8 20. Bf1 Nc6 21. axb6 axb6 22. Nb5 Ra8 23. c3 Ne8 24. b4 Nd6 25. Rxa8 Rxa8 26. Ra1 Nxb5 27. Rxa8 Nba7 28. Rxa7 Nxa7 29. Qa2 Nc8 30. Bc4 Nd6 31. Bd5 Bxd5 32. Qxd5 h5 33. c4 Bh6 34. Bxh6 Kxh6 35. h4 Kg7 36. c5 bxc5 37. Qxc5 Nc8 38. Qc3 Nd6 39. Qc5 Nc8 40. Qc3 Nd6 41. Qc6 Ne8 42. Nf1 Kf8 43. Qc3 Nd6 44. Qc6 Ne8 45. Qc3 Nd6 46. Qc6 Ne8 1/2-1/2

[Event "4th GRENKE Open 2019"]
[Site "Karlsruhe"]
[Date "2019.04.20"]
[Round "5.42"]
[White "Werle, Jan"]
[Black "Kulkarni, Rakesh"]
[Result "1/2-1/2"]
[WhiteElo "2556"]
[BlackElo "2334"]
[Annotator "ChessBase"]
[PlyCount "63"]
[EventDate "2019.04.18"]
[EventType "swiss"]
[EventCountry "GER"]
[SourceTitle "playchess.com"]
[Source "ChessBase"]
[SourceQuality "1"]

1. d4 Nf6 2. c4 e5 3. dxe5 Ng4 4. Nf3 Bc5 5. e3 Nc6 6. Nc3 O-O 7. Be2 Re8 8. O-O Ngxe5 9. Nxe5 Nxe5 10. Nd5 a5 11. Kh1 Ra6 12. e4 Rd6 13. f4 Nc6 14. Bf3 Rh6 15. g3 Nd4 16. f5 Ra6 17. Bg2 Nc6 18. Bf4 Ne5 19. b3 c6 20. Nc3 b5 21. cxb5 cxb5 22. Nxb5 Rb6 23. a4 Ba6 24. Qe2 Qb8 25. Rad1 Rxb5 26. axb5 Bxb5 27. Qc2 Bxf1 28. Bxf1 d6 29. Bxe5 Rxe5 30. Bc4 Qd8 31. Bd5 Qg5 32. Qd3 1/2-1/2

[Event "4th GRENKE Open 2019"]
[Site "Karlsruhe"]
[Date "2019.04.20"]
[Round "5.43"]
[White "Schnepp, Gunnar"]
[Black "Antal, Gergely"]
[Result "0-1"]
[WhiteElo "2323"]
[BlackElo "2552"]
[Annotator "ChessBase"]
[PlyCount "75"]
[EventDate "2019.04.18"]
[EventType "swiss"]
[EventCountry "GER"]
[SourceTitle "playchess.com"]
[Source "ChessBase"]
[SourceQuality "1"]

1. d4 d5 2. c4 dxc4 3. Nf3 a6 4. e3 Bg4 5. Bxc4 e6 6. h3 Bh5 7. O-O Nf6 8. Nc3 Nc6 9. Re1 Be7 10. g4 Bg6 11. e4 O-O 12. a3 b5 13. Bb3 Na5 14. Bc2 Nd7 15. d5 Nb6 16. Bf4 Nac4 17. Ra2 exd5 18. Nxd5 Nxd5 19. exd5 Bc5 20. b4 Bd6 21. Bc1 Qd7 22. Nd2 Nb6 23. Bxg6 hxg6 24. Ne4 Nxd5 25. Rd2 c6 26. Bb2 Bf4 27. Rde2 a5 28. Qd4 f6 29. Nc5 Qf7 30. Ne6 Be5 31. Rxe5 fxe5 32. Rxe5 axb4 33. Nxf8 bxa3 34. Bxa3 Rxa3 35. Ne6 Ra4 36. Qb2 Nf6 37. Ng5 Qa2 38. Re2 0-1

[Event "4th GRENKE Open 2019"]
[Site "Karlsruhe"]
[Date "2019.04.20"]
[Round "5.44"]
[White "Svane, Frederik"]
[Black "Noe, Christopher"]
[Result "1/2-1/2"]
[WhiteElo "2309"]
[BlackElo "2537"]
[Annotator "TA"]
[PlyCount "261"]
[EventDate "2019.04.18"]
[EventType "swiss"]
[EventCountry "GER"]
[SourceTitle "playchess.com"]
[Source "ChessBase"]
[SourceQuality "1"]

1. e4 e5 2. Nf3 Nc6 3. Bb5 a6 4. Ba4 Nge7 5. O-O g6 6. c3 Bg7 7. d4 exd4 8. cxd4 b5 9. Bc2 O-O 10. Nc3 d6 11. d5 Na5 12. Nd4 Bg4 13. Qxg4 Bxd4 14. Bh6 Re8 15. Rad1 Bg7 16. Bxg7 Kxg7 17. Ne2 Ng8 18. Qg3 Nf6 19. Qc3 c5 20. f4 b4 21. Qf3 Nc4 22. Qb3 Nb6 23. Qf3 Ra7 24. g4 h6 25. Ng3 Nh7 26. Rf2 a5 27. Bd3 c4 28. Bf1 Rc7 29. Qe3 Rc5 30. Qd4+ Kg8 31. Rc1 Qh4 32. Rg2 Qf6 33. e5 Qd8 34. e6 Qf6 35. Qf2 Qd8 36. f5 fxe6 37. dxe6 Ng5 38. Kh1 Nh3 39. Qd2 g5 40. Nh5 Nf4 41. Nxf4 gxf4 42. g5 Rxf5 43. gxh6+ Kh8 44. Qd4+ Re5 45. Qxf4 R5xe6 46. Qg4 Qf6 47. h7 Kxh7 48. Be2 Nd5 49. Rcg1 Nf4 50. Rf2 Rxe2 51. Rxf4 Qh6 52. Qg3 R2e3 53. Qf2 Re2 54. Qg3 R2e3 55. Qf2 Re2 56. Qa7+ R8e7 57. Rf7+ Kh8 58. Qd4+ R7e5 59. Rf2 Rxf2 60. Qxf2 Re7 61. Qd4+ Rg7 62. Rf1 Qg5 63. Rf8+ Kh7 64. Qe4+ Rg6 65. Rf1 d5 66. Qe2 Kh6 67. Qf3 d4 68. Qf8+ Kh7 69. Rf7+ Rg7 70. Rxg7+ Qxg7 71. Qf5+ Qg6 72. Qd7+ Kh6 73. Qxd4 Qb1+ 74. Kg2 Qc2+ 75. Kg3 Qg6+ 76. Kf3 Qh5+ 77. Ke3 Qh3+ 78. Ke4 Qh4+ 79. Kd5 Qd8+ 80. Kxc4 Qg8+ 81. Qd5 Qg4+ 82. Kb5 Qe2+ 83. Kxa5 Qxb2 84. Qd6+ Kg5 85. Qc5+ Kh6 86. Qb6+ Kh5 87. Qb5+ Kh6 88. Qc6+ Kg5 89. Qd5+ Kf6 90. h4 Qc3 91. Kb5 Kg6 92. Qd6+ Kh7 93. Qxb4 Qe5+ 94. Qc5 Qe2+ 95. Qc4 Qb2+ 96. Kc5 Qa3+ 97. Qb4 Qe3+ 98. Kb5 Qe8+ 99. Kc4 Qe4+ 100. Kb3 Qb1+ 101. Ka3 Qd3+ 102. Qb3 Qa6+ 103. Kb2 Qf6+ 104. Qc3 Qb6+ 105. Qb3 Qf6+ 106. Kb1 Qf1+ 107. Kb2 Qf6+ 108. Qc3 Qb6+ 109. Kc2 Qf2+ 110. Qd2 Qxh4 111. Qd7+ Kg6 112. a4 Qc4+ 113. Kb2 Qb4+ 114. Kc2 Qc4+ 115. Kd2 Qb4+ 116. Ke3 Qc5+ 117. Ke4 Qc4+ 118. Ke5 Qc5+ 119. Ke6 Qe3+ 120. Kd6 Qd4+ 121. Kc7 Qa7+ 122. Kd8 Qa8+ 123. Ke7 Qa5 124. Qe6+ Kg7 125. Qf6+ Kh7 126. Qf7+ Kh6 127. Qf4+ Kh7 128. Qe4+ Kg7 129. Qg4+ Kh7 130. Qh4+ Kg7 131. Qg4+ 1/2-1/2

[Event "4th GRENKE Open 2019"]
[Site "Karlsruhe"]
[Date "2019.04.20"]
[Round "5.45"]
[White "Kunin, Vitaly"]
[Black "Burcu, Cagatay"]
[Result "0-1"]
[WhiteElo "2520"]
[BlackElo "2329"]
[Annotator "ChessBase"]
[PlyCount "82"]
[EventDate "2019.04.18"]
[EventType "swiss"]
[EventCountry "GER"]
[SourceTitle "playchess.com"]
[Source "ChessBase"]
[SourceQuality "1"]

1. d4 d5 2. c4 c6 3. e3 Nf6 4. Nc3 e6 5. Nf3 Nbd7 6. Qc2 Bd6 7. Bd3 dxc4 8. Bxc4 O-O 9. O-O b5 10. Bd3 Bb7 11. h3 b4 12. Ne4 Nxe4 13. Bxe4 Nf6 14. Bd3 c5 15. dxc5 Rc8 16. Qe2 Rxc5 17. e4 Qb8 18. Be3 Rcc8 19. Bg5 Nd7 20. Ba6 Bxa6 21. Qxa6 Ne5 22. Nxe5 Bxe5 23. Qe2 Bd4 24. Rad1 e5 25. Be3 Qb6 26. Bxd4 exd4 27. Rd3 Qa6 28. b3 Rc3 29. Rfd1 h6 30. Kf1 Rxd3 31. Rxd3 Rc8 32. Rd1 Qd6 33. Qd3 Qh2 34. f3 Rc3 35. Qxd4 Rc2 36. Qg1 Qg3 37. h4 h5 38. Re1 Rxa2 39. e5 a5 40. e6 fxe6 41. Rd1 Qe5 0-1

[Event "4th GRENKE Open 2019"]
[Site "Karlsruhe"]
[Date "2019.04.20"]
[Round "5.46"]
[White "Shyam, Sundar M."]
[Black "Manea, Alexandru"]
[Result "1/2-1/2"]
[WhiteElo "2519"]
[BlackElo "2326"]
[Annotator "ChessBase"]
[PlyCount "64"]
[EventDate "2019.04.18"]
[EventType "swiss"]
[EventCountry "GER"]
[SourceTitle "playchess.com"]
[Source "ChessBase"]
[SourceQuality "1"]

1. e4 Nf6 2. e5 Nd5 3. d4 d6 4. Nf3 dxe5 5. Nxe5 c6 6. Be2 Bf5 7. O-O Nd7 8. Bg4 Bxg4 9. Qxg4 Qc8 10. Qf3 Nxe5 11. dxe5 g6 12. c4 Nc7 13. b3 Bg7 14. Bb2 O-O 15. Nd2 Ne6 16. Rfd1 Qc7 17. Qe2 Rad8 18. Nf3 Rxd1+ 19. Rxd1 Rd8 20. g3 Qa5 21. Rxd8+ Qxd8 22. Qd2 Qxd2 23. Nxd2 f5 24. exf6 exf6 25. f4 f5 26. Bxg7 Kxg7 27. Kf2 Kf6 28. Ke3 c5 29. Nf3 Nd8 30. Ne5 Ke6 31. h3 Nf7 32. Nd3 b6 1/2-1/2

[Event "4th GRENKE Open 2019"]
[Site "Karlsruhe"]
[Date "2019.04.20"]
[Round "5.47"]
[White "Balint, Vilmos"]
[Black "Basso, Pier Luigi"]
[Result "0-1"]
[WhiteElo "2301"]
[BlackElo "2516"]
[Annotator "TA"]
[PlyCount "96"]
[EventDate "2019.04.18"]
[EventType "swiss"]
[EventCountry "GER"]
[SourceTitle "playchess.com"]
[Source "ChessBase"]
[SourceQuality "1"]

1. Nf3 d5 2. g3 c6 3. Bg2 Bg4 4. O-O e6 5. d3 Bd6 6. c4 Nf6 7. Nc3 O-O 8. Qb3 Qb6 9. Qc2 e5 10. Bg5 Nbd7 11. Na4 Qa5 12. Bd2 Qd8 13. cxd5 cxd5 14. h3 Bf5 15. Qb3 Rb8 16. Nc3 Nc5 17. Qd1 b5 18. Bg5 d4 19. Nd5 Ncd7 20. Rc1 h6 21. Nxf6+ Nxf6 22. Bxf6 Qxf6 23. Nd2 Qe7 24. Ne4 Rb6 25. a3 b4 26. Nxd6 Qxd6 27. a4 b3 28. a5 Rb5 29. Rc6 Qd7 30. Ra6 e4 31. g4 Bg6 32. dxe4 h5 33. Qd3 Rb4 34. Qf3 Re8 35. Qf4 Qb7 36. Qd6 hxg4 37. e5 Be4 38. Rxa7 Qxa7 39. Qxb4 Bxg2 40. Kxg2 gxh3+ 41. Kh1 Rxe5 42. a6 Re6 43. Qxb3 Qxa6 44. Qd3 Qa8+ 45. f3 Re3 46. Qd2 Qb8 47. Rf2 Qg3 48. Rh2 g6 0-1

[Event "4th GRENKE Open 2019"]
[Site "Karlsruhe"]
[Date "2019.04.20"]
[Round "5.48"]
[White "Nasuta, Grzegorz"]
[Black "Napoli, Nicolo"]
[Result "1-0"]
[WhiteElo "2516"]
[BlackElo "2323"]
[Annotator "ChessBase"]
[PlyCount "47"]
[EventDate "2019.04.18"]
[EventType "swiss"]
[EventCountry "GER"]
[SourceTitle "playchess.com"]
[Source "ChessBase"]
[SourceQuality "1"]

1. e4 c6 2. d4 d5 3. Nc3 dxe4 4. Nxe4 Bf5 5. Ng3 Bg6 6. Nh3 e6 7. Nf4 Bd6 8. Ngh5 Bf8 9. h4 e5 10. dxe5 Qa5+ 11. Bd2 Qxe5+ 12. Be2 Qxb2 13. O-O Nf6 14. Qe1 Be7 15. Nxg7+ Kf8 16. Nge6+ fxe6 17. Nxe6+ Ke8 18. Nc7+ Kd8 19. Nxa8 Re8 20. Rb1 Qxc2 21. Rxb7 Bd6 22. Be3 Nd5 23. Qa5+ Kc8 24. Ba6 1-0

[Event "4th GRENKE Open 2019"]
[Site "Karlsruhe"]
[Date "2019.04.20"]
[Round "5.49"]
[White "Gegenfurtner, Juergen"]
[Black "Admiraal, Miguoel"]
[Result "1/2-1/2"]
[WhiteElo "2300"]
[BlackElo "2516"]
[Annotator "ChessBase"]
[PlyCount "84"]
[EventDate "2019.04.18"]
[EventType "swiss"]
[EventCountry "GER"]
[SourceTitle "playchess.com"]
[Source "ChessBase"]
[SourceQuality "1"]

1. e4 c6 2. d4 d5 3. exd5 cxd5 4. Bd3 Nc6 5. c3 Qc7 6. Nd2 Nf6 7. Ngf3 Bg4 8. O-O e6 9. Re1 Bd6 10. Nf1 Bh5 11. Ng3 Bg6 12. Bg5 O-O-O 13. a4 Kb8 14. a5 Bxd3 15. Qxd3 a6 16. Ra4 Rc8 17. Rea1 h6 18. Bd2 h5 19. Nf1 Ne4 20. c4 Nxd2 21. N3xd2 dxc4 22. Qxc4 Rhd8 23. Nf3 Nb4 24. Qb3 Qc4 25. Qxc4 Rxc4 26. Ne3 Rc7 27. g3 Nc2 28. Rd1 Nxe3 29. fxe3 Rc2 30. Ng5 Bc7 31. Nxf7 Rd5 32. e4 Rb5 33. d5 Rbxb2 34. d6 Rxh2 35. Kf1 Rbf2+ 36. Kg1 Rfg2+ 37. Kf1 Rf2+ 38. Kg1 Rfg2+ 39. Kf1 Rc2 40. dxc7+ Kxc7 41. Kg1 Rhg2+ 42. Kh1 Rh2+ 1/2-1/2

[Event "4th GRENKE Open 2019"]
[Site "Karlsruhe"]
[Date "2019.04.20"]
[Round "5.50"]
[White "Dragnev, Valentin"]
[Black "Nyysti, Sampsa"]
[Result "1/2-1/2"]
[WhiteElo "2514"]
[BlackElo "2309"]
[Annotator "ChessBase"]
[PlyCount "69"]
[EventDate "2019.04.18"]
[EventType "swiss"]
[EventCountry "GER"]
[SourceTitle "playchess.com"]
[Source "ChessBase"]
[SourceQuality "1"]

1. d4 Nf6 2. c4 e6 3. Nf3 Bb4+ 4. Bd2 a5 5. g3 d6 6. Bg2 Nbd7 7. O-O e5 8. Nc3 exd4 9. Nxd4 c6 10. Na4 Bxd2 11. Qxd2 O-O 12. Rfd1 Nb6 13. Qc2 Nxa4 14. Qxa4 Qb6 15. Rd2 Re8 16. Rad1 Qb4 17. Qc2 a4 18. e4 Ra5 19. a3 Qb6 20. Kh1 h5 21. h3 Rae5 22. f3 h4 23. g4 d5 24. cxd5 cxd5 25. f4 Rxe4 26. Bxe4 Nxe4 27. Rd3 Bd7 28. Kg2 Rc8 29. Qe2 Qf6 30. Qe1 Rc4 31. Qa5 Bc6 32. Qe1 Nc5 33. R3d2 Ne4 34. Rd3 Nc5 35. R3d2 1/2-1/2

[Event "4th GRENKE Open 2019"]
[Site "Karlsruhe"]
[Date "2019.04.20"]
[Round "5.51"]
[White "Sanal, Vahap"]
[Black "Hess, Max"]
[Result "0-1"]
[WhiteElo "2513"]
[BlackElo "2307"]
[Annotator "TA"]
[PlyCount "90"]
[EventDate "2019.04.18"]
[EventType "swiss"]
[EventCountry "GER"]
[SourceTitle "playchess.com"]
[Source "ChessBase"]
[SourceQuality "1"]

1. e4 e5 2. Nf3 Nc6 3. Bb5 g6 4. d4 exd4 5. Bg5 Be7 6. Bxe7 Qxe7 7. Bxc6 dxc6 8. Qxd4 Nf6 9. Nc3 Bg4 10. Qe3 Bxf3 11. Qxf3 O-O-O 12. O-O Kb8 13. Rad1 h5 14. Rxd8+ Rxd8 15. Rd1 Rxd1+ 16. Qxd1 b6 17. Qd3 Ng4 18. h3 Ne5 19. Qd4 Qg5 20. Qd1 Qe7 21. b3 Kb7 22. Qd2 Qd6 23. Qe3 a5 24. f4 Nd7 25. Kf2 Nc5 26. e5 Qd7 27. Ne4 Ne6 28. Ke1 h4 29. a4 Qd5 30. c4 Qd7 31. Ke2 c5 32. Ke1 Nd4 33. Kf2 Qf5 34. g4 hxg3+ 35. Kxg3 Kb8 36. Nd2 Qc2 37. Kg4 Qf5+ 38. Kg3 Qh5 39. Kg2 Qd1 40. Kf2 Qc2 41. Kg2 Kc8 42. Kf1 Nf5 43. Qf2 Qd3+ 44. Kg2 Ne3+ 45. Kg1 Kb8 0-1

[Event "4th GRENKE Open 2019"]
[Site "Karlsruhe"]
[Date "2019.04.20"]
[Round "5.52"]
[White "Schneider, Ilja"]
[Black "Kenneskog, Theodor"]
[Result "1/2-1/2"]
[WhiteElo "2504"]
[BlackElo "2306"]
[Annotator "ChessBase"]
[PlyCount "47"]
[EventDate "2019.04.18"]
[EventType "swiss"]
[EventCountry "GER"]
[SourceTitle "playchess.com"]
[Source "ChessBase"]
[SourceQuality "1"]

1. e4 c5 2. c3 Nf6 3. e5 Nd5 4. Nf3 Nc6 5. Bc4 Nb6 6. Bb3 d5 7. exd6 Qxd6 8. O-O Be6 9. Bxe6 Qxe6 10. d4 cxd4 11. Nxd4 Nxd4 12. Qxd4 Qd7 13. Be3 Qxd4 14. Bxd4 Nc4 15. b3 Nd6 16. c4 Nf5 17. Bb2 O-O-O 18. Nc3 e6 19. Rfd1 Be7 20. Ne4 h5 21. Ng3 Nxg3 22. hxg3 f6 23. Kf1 Rxd1+ 24. Rxd1 1/2-1/2

[Event "4th GRENKE Open 2019"]
[Site "Karlsruhe"]
[Date "2019.04.20"]
[Round "5.53"]
[White "Engel, Luis"]
[Black "Schippers, Maurice"]
[Result "1-0"]
[WhiteElo "2490"]
[BlackElo "2306"]
[Annotator "RC"]
[PlyCount "67"]
[EventDate "2019.04.18"]
[EventType "swiss"]
[EventCountry "GER"]
[SourceTitle "playchess.com"]
[Source "ChessBase"]
[SourceQuality "1"]

1. e4 c5 2. Nf3 e6 3. d4 cxd4 4. Nxd4 Nf6 5. Nc3 Nc6 6. Nxc6 bxc6 7. e5 Nd5 8. Ne4 Qc7 9. f4 Qb6 10. c4 Ne3 11. Qd3 Bb4+ 12. Bd2 Rb8 13. b3 Nf5 14. Be2 h5 15. Bxb4 Qxb4+ 16. Qd2 Qa3 17. O-O h4 18. Bg4 O-O 19. Qf2 Nh6 20. Qxh4 d5 21. Nf6+ Kh8 22. Rf3 dxc4 23. Rh3 Rd8 24. Nh5 Rd3 25. Bf3 Qc5+ 26. Kh1 Qf8 27. bxc4 Qd8 28. Nf6 Ba6 29. Qg5 Qf8 30. Ng4 Rxf3 31. gxf3 Kh7 32. Rg1 Bxc4 33. Nf6+ gxf6 34. exf6 1-0

[Event "4th GRENKE Open 2019"]
[Site "Karlsruhe"]
[Date "2019.04.20"]
[Round "5.54"]
[White "Beerdsen, Thomas"]
[Black "Braun, Georg"]
[Result "1-0"]
[WhiteElo "2483"]
[BlackElo "2301"]
[Annotator "TA"]
[PlyCount "97"]
[EventDate "2019.04.18"]
[EventType "swiss"]
[EventCountry "GER"]
[SourceTitle "playchess.com"]
[Source "ChessBase"]
[SourceQuality "1"]

1. e4 c6 2. d4 d5 3. f3 e6 4. Nc3 Bb4 5. Bd3 Ne7 6. a3 Bxc3+ 7. bxc3 O-O 8. e5 b6 9. a4 Ba6 10. Ba3 Bxd3 11. Qxd3 c5 12. f4 Nd7 13. Nf3 Re8 14. dxc5 Rc8 15. Ng5 Ng6 16. h4 Nxc5 17. Bxc5 Rxc5 18. h5 Nf8 19. h6 g6 20. Nf3 Rc4 21. O-O Qc7 22. Nd4 Rxc3 23. Qb5 Rb8 24. a5 Rc4 25. Rfd1 Nd7 26. axb6 Rxb6 27. Qa5 a6 28. Ra4 Rc5 29. Qe1 Rc4 30. Rxc4 Qxc4 31. Qh4 Qc8 32. Qe7 Nc5 33. c4 Qf8 34. Qxf8+ Kxf8 35. cxd5 exd5 36. Rc1 Rb4 37. Rxc5 Rxd4 38. g3 Rd1+ 39. Kf2 Rh1 40. Rxd5 Rxh6 41. Kg2 g5 42. f5 Rb6 43. Rd8+ Kg7 44. g4 Rb5 45. f6+ Kh6 46. e6 Rb2+ 47. Kf1 Rb1+ 48. Ke2 Rb2+ 49. Kd1 1-0

[Event "4th GRENKE Open 2019"]
[Site "Karlsruhe"]
[Date "2019.04.20"]
[Round "5.55"]
[White "Blom, Vincent"]
[Black "Repka, Christopher"]
[Result "1/2-1/2"]
[WhiteElo "2298"]
[BlackElo "2482"]
[Annotator "ChessBase"]
[PlyCount "84"]
[EventDate "2019.04.18"]
[EventType "swiss"]
[EventCountry "GER"]
[SourceTitle "playchess.com"]
[Source "ChessBase"]
[SourceQuality "1"]

1. c4 e5 2. Nc3 Nc6 3. g3 Bc5 4. Bg2 d6 5. Na4 Nge7 6. Nxc5 dxc5 7. d3 Bf5 8. Nf3 Qd7 9. Be3 b6 10. a3 Bh3 11. Bxh3 Qxh3 12. Qa4 O-O 13. b4 cxb4 14. axb4 f6 15. b5 Nd8 16. c5 Ne6 17. g4 h5 18. Rg1 hxg4 19. Rxg4 Nxc5 20. Qc4+ Rf7 21. Bxc5 bxc5 22. Ra6 c6 23. bxc6 Rb8 24. Rxa7 Rb4 25. Ra8+ Kh7 26. Rh4+ Qxh4 27. Nxh4 Rxc4 28. dxc4 Nxc6 29. Rc8 Nd4 30. e3 Nb3 31. Nf5 Rd7 32. Ng3 Ra7 33. Ne4 Ra4 34. Rc7 Kg6 35. Nxc5 Rxc4 36. Ne6 Rxc7 37. Nxc7 Nc5 38. f3 Kg5 39. Kf2 Kh4 40. Kg2 f5 41. Nd5 e4 42. fxe4 Nxe4 1/2-1/2

[Event "4th GRENKE Open 2019"]
[Site "Karlsruhe"]
[Date "2019.04.20"]
[Round "5.56"]
[White "Moucheroud, Jeremy"]
[Black "Swayams, Mishra"]
[Result "1-0"]
[WhiteElo "2294"]
[BlackElo "2478"]
[Annotator "ChessBase"]
[PlyCount "103"]
[EventDate "2019.04.18"]
[EventType "swiss"]
[EventCountry "GER"]
[SourceTitle "playchess.com"]
[Source "ChessBase"]
[SourceQuality "1"]

1. e4 e6 2. d4 d5 3. Nd2 Be7 4. Ngf3 Nf6 5. e5 Nfd7 6. Bd3 c5 7. c3 Nc6 8. O-O O-O 9. Re1 f5 10. dxc5 Nxc5 11. Nb3 Nxd3 12. Qxd3 Bd7 13. a4 Na5 14. Nxa5 Qxa5 15. Bg5 Bxg5 16. Nxg5 Rac8 17. Rec1 Rc6 18. Nf3 Rfc8 19. Qb5 Qc7 20. Qb3 Rc4 21. Nd2 Rc5 22. Re1 Ra5 23. Qb4 Qb6 24. Qe7 Be8 25. Re3 Ra6 26. Rg3 Bg6 27. b4 Re8 28. Qg5 Qc7 29. b5 Rb6 30. h4 Rf8 31. f4 a6 32. h5 Be8 33. c4 Rf7 34. a5 h6 35. Qxh6 Qc5+ 36. Kh2 Qf2 37. Qg5 Qxd2 38. axb6 Qd4 39. cxd5 Qxb6 40. bxa6 bxa6 41. dxe6 Qxe6 42. Rd1 Ra7 43. Rd6 Qf7 44. e6 Qf8 45. Rd5 Qe7 46. Rxf5 Qxe6 47. Re5 Qf7 48. Rge3 Ra8 49. Rf5 Qa2 50. Re7 Qb2 51. Rfe5 Bf7 52. h6 1-0

[Event "4th GRENKE Open 2019"]
[Site "Karlsruhe"]
[Date "2019.04.20"]
[Round "5.57"]
[White "Milov, Leonid"]
[Black "Bharath Subramaniyam H"]
[Result "1/2-1/2"]
[WhiteElo "2474"]
[BlackElo "2301"]
[Annotator "TA"]
[PlyCount "139"]
[EventDate "2019.04.18"]
[EventType "swiss"]
[EventCountry "GER"]
[SourceTitle "playchess.com"]
[Source "ChessBase"]
[SourceQuality "1"]

1. e4 c5 2. Nf3 e6 3. Nc3 a6 4. d4 cxd4 5. Nxd4 Qc7 6. Qf3 Nf6 7. Qg3 d6 8. Be3 b5 9. a3 Bb7 10. f3 Nbd7 11. O-O-O Rc8 12. Bxb5 axb5 13. Ndxb5 Qa5 14. Nxd6+ Bxd6 15. Qxd6 Rc6 16. Qb4 Qxb4 17. axb4 O-O 18. Na4 h6 19. b3 Ba6 20. Nc5 Nxc5 21. Bxc5 Rb8 22. Rd2 Rb7 23. Rhd1 Rcc7 24. Rd6 Bb5 25. Rd8+ Kh7 26. c4 Bc6 27. Bd6 Rd7 28. Rxd7 Rxd7 29. b5 Ba8 30. Be5 Rxd1+ 31. Kxd1 Nd7 32. Bd6 Kg6 33. Kd2 e5 34. b4 Kf6 35. c5 Ke6 36. Bc7 Nf6 37. Kd3 Ne8 38. Bb8 f5 39. c6 fxe4+ 40. fxe4 Nf6 41. Bc7 Ne8 42. Bb8 Nf6 43. Ba7 Kd6 44. Bc5+ Ke6 45. h3 Ne8 46. g4 Nf6 47. Bf8 Kf7 48. Bd6 Ke6 49. Bb8 g5 50. Bc7 Ne8 51. Bb8 Nf6 52. Ba7 h5 53. gxh5 Nxh5 54. Be3 Nf4+ 55. Kc4 Kd6 56. Bc5+ Kc7 57. Be7 Nxh3 58. Kc5 Nf2 59. b6+ Kc8 60. b7+ Bxb7 61. cxb7+ Kxb7 62. Kd5 g4 63. Bh4 Nd3 64. Ke6 Kc6 65. Kf5 Nxb4 66. Kxe5 Nd3+ 67. Kf5 Nc5 68. Bf2 g3 69. Bxg3 Nxe4 70. Ke5 1/2-1/2

[Event "4th GRENKE Open 2019"]
[Site "Karlsruhe"]
[Date "2019.04.20"]
[Round "5.58"]
[White "Ronka, Erik"]
[Black "Warmerdam, Max"]
[Result "0-1"]
[WhiteElo "2288"]
[BlackElo "2472"]
[Annotator "ChessBase"]
[PlyCount "100"]
[EventDate "2019.04.18"]
[EventType "swiss"]
[EventCountry "GER"]
[SourceTitle "playchess.com"]
[Source "ChessBase"]
[SourceQuality "1"]

1. e4 e5 2. Nc3 Nf6 3. Bc4 Nxe4 4. Qh5 Nd6 5. Qxe5+ Qe7 6. Qxe7+ Bxe7 7. Bb3 c6 8. d4 Nf5 9. d5 Nd4 10. Bf4 d6 11. O-O-O Nxb3+ 12. axb3 c5 13. Ne4 Kd7 14. Ne2 Na6 15. N2g3 g6 16. Rhe1 f6 17. Re2 Rf8 18. Rde1 Rf7 19. Bd2 Nc7 20. c4 a5 21. Rd1 b6 22. f4 Ba6 23. Be3 a4 24. Kc2 axb3+ 25. Kxb3 f5 26. Ng5 Bxg5 27. fxg5 f4 28. Rf2 Raf8 29. Rdf1 Nxd5 30. Bc1 Nb4 31. Rxf4 Rxf4 32. Rxf4 Rxf4 33. Bxf4 Nd3 34. Ne2 Ne1 35. g3 d5 36. Kc3 Bxc4 37. Nc1 Nf3 38. h4 b5 39. b3 b4+ 40. Kc2 Bf1 41. Bb8 Kc6 42. Bf4 Kb5 43. Bd6 c4 44. Na2 cxb3+ 45. Kxb3 Bc4+ 46. Kb2 Bxa2 47. Kxa2 Kc4 48. Kb2 d4 49. Kc2 d3+ 50. Kd1 Kc3 0-1

[Event "4th GRENKE Open 2019"]
[Site "Karlsruhe"]
[Date "2019.04.20"]
[Round "5.59"]
[White "Dourerassou, Jonathan"]
[Black "Godzwon, Iwo"]
[Result "1/2-1/2"]
[WhiteElo "2465"]
[BlackElo "2277"]
[Annotator "ChessBase"]
[PlyCount "63"]
[EventDate "2019.04.18"]
[EventType "swiss"]
[EventCountry "GER"]
[SourceTitle "playchess.com"]
[Source "ChessBase"]
[SourceQuality "1"]

1. e4 c5 2. Nf3 d6 3. Bb5+ Nd7 4. O-O a6 5. Bxd7+ Bxd7 6. c4 Nf6 7. Nc3 e6 8. d4 cxd4 9. Qxd4 Be7 10. Bg5 Bc6 11. Rad1 O-O 12. Rfe1 Qa5 13. Qd2 Rfd8 14. Nd5 Qxd2 15. Nxe7+ Kf8 16. Bxd2 Kxe7 17. e5 dxe5 18. Bb4+ Ke8 19. Nxe5 Rxd1 20. Rxd1 Rc8 21. Rd6 Nd7 22. Nxc6 Rxc6 23. Rxc6 bxc6 24. Kf1 Ne5 25. b3 Nd3 26. Ba3 f6 27. Ke2 Nf4+ 28. Kf3 e5 29. g3 Ne6 30. Ke3 f5 31. f3 Kd7 32. Bb2 1/2-1/2

[Event "4th GRENKE Open 2019"]
[Site "Karlsruhe"]
[Date "2019.04.20"]
[Round "5.60"]
[White "Vrolijk, Liam"]
[Black "Linster, Philippe"]
[Result "1-0"]
[WhiteElo "2465"]
[BlackElo "2294"]
[Annotator "ChessBase"]
[PlyCount "45"]
[EventDate "2019.04.18"]
[EventType "swiss"]
[EventCountry "GER"]
[SourceTitle "playchess.com"]
[Source "ChessBase"]
[SourceQuality "1"]

1. Nf3 Nf6 2. c4 b6 3. g3 Bb7 4. Bg2 c5 5. b3 g6 6. Bb2 Bg7 7. O-O O-O 8. d4 cxd4 9. Qxd4 d6 10. Ne1 Qc8 11. Nc3 Ne4 12. Nd5 Bxd4 13. Nxe7+ Kg7 14. Bxd4+ f6 15. Nxc8 Rxc8 16. Nd3 Nd7 17. Rfd1 Kf7 18. Bb2 Rd8 19. Nf4 Ndc5 20. Nd5 f5 21. Bxe4 Nxe4 22. f3 Nc5 23. Nc7 1-0